000 00460nam a2200181Ia 4500
008 221030s9999 xx 000 0 und d
020 _a89131501353
041 _aEnglish
082 _a105.23
100 _aD. P. Agrawal
245 0 _aIntroduction to Wireless & Mobile Systems
_cby D. P. Agrawal, Qing-An Zeng
250 _a2nd
260 _bThomson Learning
_aSingapore
_c2007
300 _a498
650 _aECE
700 _aQing-An Zeng
942 _cBK
999 _c5465
_d5465